Statistics for County-Level Divisions of Anhui, China

Click here to take the quiz!

General Stats

  • This quiz has been taken 67 times
  • The average score is 70 of 104

Answer Stats

Prefecture-level City 地級市Answer% Correct
Hefei 合肥Chaohu 巢湖
100%
Hefei 合肥Feidong 肥東
95%
Hefei 合肥Feixi 肥西
95%
Wuhu 蕪湖Wuwei 無為
95%
Huangshan 黃山Huangshan 黃山
93%
Hefei 合肥Shushan 蜀山
93%
Chuzhou 滁州Tianchang 天長
93%
Chuzhou 滁州Fengyang 鳳陽
90%
Xuancheng 宣城Xuanzhou 宣州
88%
Hefei 合肥Yaohai 瑤海
88%
Huangshan 黃山Huizhou 徽州
85%
Huainan 淮南Shou County 壽縣
85%
Hefei 合肥Baohe 包河
83%
Huangshan 黃山She County 歙縣
83%
Huangshan 黃山Yi County 黟縣
83%
Tongling 銅陵Zongyang 樅陽
83%
Tongling 銅陵Jiaoqu 郊區
80%
Fuyang 阜陽Jieshou 界首
80%
Hefei 合肥Lujiang 廬江
80%
Hefei 合肥Luyang 廬陽
80%
Wuhu 蕪湖Nanling 南陵
80%
Xuancheng 宣城Ningguo 寧國
80%
Huangshan 黃山Tunxi 屯溪
80%
Hefei 合肥Changfeng 長豐
78%
Suzhou 宿州Dangshan 碭山
78%
Ma'anshan 馬鞍山Dangtu 當涂
78%
Chizhou 池州Dongzhi 東至
78%
Xuancheng 宣城Jixi 績溪
78%
Lu'an 六安Jinzhai 金寨
75%
Huangshan 黃山Qimen 祁門
75%
Anqing 安慶Taihu 太湖
75%
Anqing 安慶Tongcheng 桐城
75%
Wuhu 蕪湖Fanchang 繁昌
73%
Chizhou 池州Guichi 貴池
73%
Ma'anshan 馬鞍山He County 和縣
73%
Chuzhou 滁州Mingguang 明光
73%
Chuzhou 滁州Quanjiao 全椒
73%
Tongling 銅陵Tongguan 銅官
73%
Suzhou 宿州Xiao County 蕭縣
73%
Huainan 淮南Bagongshan 八公山
70%
Ma'anshan 馬鞍山Huashan 花山
70%
Chuzhou 滁州Langya 琅琊
70%
Bozhou 亳州Qiaocheng 譙城
70%
Lu'an 六安Shucheng 舒城
70%
Chuzhou 滁州Dingyuan 定遠
68%
Huainan 淮南Fengtai 鳳台
68%
Fuyang 阜陽Funan 阜南
68%
Chizhou 池州Qingyang 青陽
68%
Wuhu 蕪湖Wanzhi 灣沚
68%
Fuyang 阜陽Yingshang 潁上
68%
Fuyang 阜陽Yingzhou 潁州
68%
Xuancheng 宣城Guangde 廣德
65%
Bengbu 蚌埠Guzhen 固鎮
65%
Wuhu 蕪湖Jiujiang 鳩江
65%
Fuyang 阜陽Linquan 臨泉
65%
Huangshan 黃山Xiuning 休寧
65%
Lu'an 六安Yeji 葉集
65%
Lu'an 六安Jin'An 金安
63%
Wuhu 蕪湖Jinghu 鏡湖
63%
Huaibei 淮北Suixi 濉溪
63%
Wuhu 蕪湖Yijiang 弋江
63%
Lu'an 六安Yu'An 裕安
63%
Ma'anshan 馬鞍山Bowang 博望
60%
Ma'anshan 馬鞍山Hanshan 含山
60%
Bengbu 蚌埠Huaiyuan 懷遠
60%
Xuancheng 宣城Jing County 涇縣
60%
Bengbu 蚌埠Longzihu 龍子湖
60%
Bozhou 亳州Mengcheng 蒙城
60%
Anqing 安慶Qianshan 潛山
60%
Anqing 安慶Susong 宿松
60%
Fuyang 阜陽Taihe 太和
60%
Huainan 淮南Tianjia'An 田家庵
60%
Ma'anshan 馬鞍山Yushan 雨山
60%
Huaibei 淮北Duji 杜集
58%
Lu'an 六安Huoqiu 霍邱
58%
Chuzhou 滁州Lai'An 來安
58%
Suzhou 宿州Si County 泗縣
58%
Bengbu 蚌埠Wuhe 五河
58%
Anqing 安慶Yingjiang 迎江
58%
Anqing 安慶Yuexi 岳西
58%
Bengbu 蚌埠Bengshan 蚌山
55%
Bengbu 蚌埠Huaishang 淮上
55%
Lu'an 六安Huoshan 霍山
55%
Xuancheng 宣城Langxi 郎溪
55%
Bozhou 亳州Lixin 利辛
55%
Chuzhou 滁州Nanqiao 南譙
55%
Huainan 淮南Panji 潘集
55%
Chizhou 池州Shitai 石台
55%
Anqing 安慶Wangjiang 望江
55%
Suzhou 宿州Yongqiao 埇橋
55%
Bozhou 亳州Guoyang 渦陽
53%
Anqing 安慶Huaining 懷寧
53%
Huainan 淮南Xiejiaji 謝家集
53%
Tongling 銅陵Yi'An 義安
53%
Fuyang 阜陽Yingdong 潁東
53%
Bengbu 蚌埠Yuhui 禹會
53%
Anqing 安慶Daguan 大觀
50%
Xuancheng 宣城Jingde 旌德
50%
Huaibei 淮北Lieshan 烈山
50%
Huainan 淮南Datong 大通
48%
Suzhou 宿州Lingbi 靈璧
48%
Fuyang 阜陽Yingquan 潁泉
48%
Anqing 安慶Yixiu 宜秀
48%
Huaibei 淮北Xiangshan 相山
43%

Score Distribution

Percentile by Number Answered

Percent of People with Each Score

Your Score History

You have not taken this quiz